00541nam a2200157Ia 4500008004100000020002200041050002500063100001600088245007800104260002500182300001700207500005200224650001900276650004700295650004100342120626s9999 xx 000 0 und d a978-607-7686-53-804aZ253.532A34 A67 20091 aMEDIAactive10aAprender Indesign CS4: con 100 ejercicios prácticoscautor, MEDIAactive aMéxico bAlfaomega a213 paginas. aContiene: índice de contenido\ presentación17aADOBE INDESIGN17aRETICULAS (DISEÑO GRÁFICO) - SOFTWARE17aEDICIÓN POR COMPUTADORA - MANUALES